000 00466nam a2200193 a 4500
001 1764842421914
003 ACL
005 20251204153253.0
008 251204s2003##################000#0#eng##
020 _a9058095444
082 0 4 _a624.19
_bSAV
100 1 _aSaveur, Jan,
_eauthor.
245 1 0 _a(Re)claiming the Underground Space :
260 _bCRC Press,
_c2003.
300 _a1228 pages
650 0 _aNature.
942 _cENGLISH
040 _aACL
_beng
_cACL
999 _c600117
_d600117